Normal view
MARC view
- Heisman, Eileen R.
Entry Personal Name
001 - CONTROL NUMBER
- control field: 45329
003 - CONTROL NUMBER IDENTIFIER
- control field: OSt
005 - DATE AND TIME OF LATEST TRANSACTION
- control field: 20220602101545.0
008 - FIXED-LENGTH DATA ELEMENTS
- fixed length control field: 220602|| aca||aabn | a|a d
040 ## - CATALOGING SOURCE
- Original cataloging agency: OSt
- Transcribing agency: OSt
100 ## - HEADING--PERSONAL NAME
- Personal name: Heisman, Eileen R.
670 ## - SOURCE DATA FOUND
- Source citation: Work cat.: (OSt): Heisman, Eileen R., Helping clients give with their heads, not just their hearts/, ©2012.
